Réva vinná /

Hlavní autor: Hlušek, Jaroslav, 1950-
Další autoři: Baroň, Mojmír, Burg, Patrik, 1977-, Lošák, Tomáš, 1975-, Pavloušek, Pavel, Šafránková, Ivana, 1953-, Zemánek, Pavel, 1956-
Jazyk: Čeština
Vydáno: Praha : Profi Press s.r.o., 2015
Vydání: 1. vydání
Témata:
Fyzický popis: 151 stran : barevné ilustrace ; 31 cm
Language note: Anglické resumé
Knihy
Uloženo v:
LEADER 02360cam a2200625 i 4500
001 nkc20152756018
003 CZ PrNK
005 20250513134020.0
007 ta
008 151116s2015 xr a f 001 0 cze d
015 |a cnb002756018 
020 |a 978-80-86726-67-0  |q (vázáno) 
035 |a (OCoLC)944218237 
040 |a KLG001  |b cze  |d ABA001  |e rda 
041 0 |a cze  |b eng 
072 7 |a 634  |x Ovocnářství  |2 Konspekt  |9 24 
080 |a 663.2  |2 MRF 
080 |a 634.8.047  |2 MRF 
080 |a 582.782.2  |2 MRF 
080 |a 634.8  |2 MRF 
080 |a (048.8:082)  |2 MRF 
100 1 |a Hlušek, Jaroslav,  |d 1950-  |7 mzk2004246533  |4 aut 
245 1 0 |a Réva vinná /  |c kolektiv autorů, vedoucí autorského kolektivu: Jaroslav Hlušek ; autoři v abecedním pořadí: Mojmír Baroň, Patrik Burg, Tomáš Lošák, Pavel Pavloušek, Ivana Šafránková, Pavel Zemánek 
250 |a 1. vydání 
264 1 |a Praha :  |b Profi Press s.r.o.,  |c 2015 
300 |a 151 stran :  |b barevné ilustrace ;  |c 31 cm 
336 |a text  |b txt  |2 rdacontent 
336 |a statický obraz  |b sti  |2 rdacontent 
337 |a bez média  |b n  |2 rdamedia 
338 |a svazek  |b nc  |2 rdacarrier 
504 |a Obsahuje bibliografii a rejstřík 
546 |a Anglické resumé 
650 0 7 |a vinařství  |7 ph116575  |2 czenas 
650 0 7 |a vinice  |7 ph288754  |2 czenas 
650 0 7 |a réva vinná  |7 ph125390  |2 czenas 
650 0 7 |a vinohradnictví  |7 ph127107  |2 czenas 
650 0 9 |a wine making  |2 eczenas 
650 0 9 |a vineyards  |2 eczenas 
650 0 9 |a grapes  |2 eczenas 
650 0 9 |a viticulture  |2 eczenas 
655 7 |a kolektivní monografie  |7 fd501537  |2 czenas 
655 9 |a collective monographs  |2 eczenas 
700 1 |a Baroň, Mojmír  |7 uzp2011649659  |4 aut 
700 1 |a Burg, Patrik,  |d 1977-  |7 mzk2004148525  |4 aut 
700 1 |a Lošák, Tomáš,  |d 1975-  |7 xx0013812  |4 aut 
700 1 |a Pavloušek, Pavel  |7 mzk2005312896  |4 aut 
700 1 |a Šafránková, Ivana,  |d 1953-  |7 mzk2007423822  |4 aut 
700 1 |a Zemánek, Pavel,  |d 1956-  |7 mzk2004148524  |4 aut 
910 2 |a BOA001  |b 4-1361.816 
920 |a 1049163  |z KLG001 
990 |a BK 
995 |a 01 
991 |b 201602  |c NOV 
996 6 |b 2610659776  |c 4-1361.816  |l MZK  |r Sklad / do 1 hodiny  |n 13  |p p.v.  |w 001544636  |u 000010  |a 1  |e BOA001  |j MZK50  |s P 
996 7 |b 2610660665  |c 4-1361.816  |l MZK  |r Sklad / do 1 hodiny  |n 19  |p kup  |w 001544636  |u 000020  |a 1  |e BOA001  |j MZK50  |s A